Niveles económicos y distribución de la población activa por ocupaciones

Gespeichert in:
Bibliographische Detailangaben
1. Verfasser: Torres Padilla, Oscar
Körperschaft: Universidad de Costa Rica. Oficina de Planificación Universitaria. Asesoría de Recursos Humanos
Format: Text
Veröffentlicht: San José: UCR
Tags: Tag hinzufügen
Keine Tags, Fügen Sie den ersten Tag hinzu!

MARC

LEADER 00000 a a2200000 04500
001 22604
003
040 |a CRAI/IIS  |c CRAI/IIS 
090 |a 154300  
100 |a Torres Padilla, Oscar  
110 |a Universidad de Costa Rica. Oficina de Planificación Universitaria. Asesoría de Recursos Humanos  
245 |a Niveles económicos y distribución de la población activa por ocupaciones  
260 |a San José:   |b UCR  
300 |a 25 p   |b **no definido**  
999 |c 6438  |d 6438